000 00619nam a22001337a 4500
040 _cRUA
082 _aAGR KER 2021 B1-586 Or.
100 _aKER HAMMATH កើ ហាំម៉ាត់
245 _aCOMPARISON OF DIFFERENT TYPE OF ORGANIC FERTILIZERS ON CUCUMBER (CUCUMIS SATIVUS L.). ការប្រៀបធៀបប្រភេទជីសរីរាង្គខុសៗគ្នាទៅលើដំណាំត្រសក់
260 _aPhnom Penh
_bRUA
_c2021
300 _aX.34P
_bVII.
_c29CM
856 _uhttps://drive.google.com/file/d/17k8XPcRoEnxJJN5tJgarPpOIKsEuVPL0/view?usp=sharing
942 _cAGR
999 _c22707
_d22707